000 01450nmm a2200385 a 4500
001 ocm0002147183
003 TR-IsHL
005 20201028182023.0
008 190121s2016 tu ara
007 cr cn
020 _a9786056194504
035 _a2147183
_b(N$T)
050 0 4 _aPJ6233.T46
_bS27 2016
090 0 4 _aPJ6233.T46
_bS27 2016
245 1 0 _aGörsel Arapça: Edatlar, kelimeler, pratik, dilbilgisi
_h[electronic resource] /
_chazırlayanlar Adem Varıcı, Zübeyr Halefallah, Serhat Yakıcı, Serdar Şadoğlu, Kazım Ağcakaya, Muhammed Ağırakça, Mahmud Süleyman
250 _a4. Baskı
260 _aİstanbul :
_bAkdem Yayınları,
_c2016
300 _a118 p.
500 _aDizin.
650 4 _aDil ve Edebiyat
650 4 _aLanguage and Literature
650 0 _aArap Dili
_x Ders Kitapları, Yabancılar İçin
_x Türkçe
650 0 _aArabic Language
_x Textbooks for Foreign Speakers
_x Turkish
650 0 _aArap Dili
_x Gramer
650 0 _aArabic Language
_x Grammar
650 7 _aLANGUAGE ARTS & DISCIPLINES / Grammar & Punctuation
_2bisacsh
700 1 _aVarıcı, Adem
700 1 _aHalefallah, Zübeyr
700 1 _aYakıcı, Serhat
700 1 _aŞadoğlu, Serdar
700 1 _aAğcakaya, Kazım
700 1 _aAğırakça, Muhammed
700 1 _aSüleyman, Mahmud
856 4 0 _uhttp://search.ebscohost.com/login.aspx?direct=true&scope=site&db=e011xww&AN=2147183
999 _c19874
_d19874